F1 Constructor World Champions - Statistics

General Stats
  • This quiz has been taken 42 times
  • The average score is 60 of 67
Answer Stats
Hint Answer % Correct
2024 McLaren
100%
1998 McLaren
100%
1991 McLaren
100%
1990 McLaren
100%
1989 McLaren
100%
1988 McLaren
100%
1985 McLaren
100%
1984 McLaren
100%
1974 McLaren
100%
2021 Mercedes
97%
2020 Mercedes
97%
2019 Mercedes
97%
2018 Mercedes
97%
2017 Mercedes
97%
2016 Mercedes
97%
2015 Mercedes
97%
2014 Mercedes
97%
2023 Red Bull
97%
2022 Red Bull
97%
2013 Red Bull
97%
2012 Red Bull
97%
2011 Red Bull
97%
2010 Red Bull
97%
2008 Ferrari
95%
2007 Ferrari
95%
2004 Ferrari
95%
2003 Ferrari
95%
2002 Ferrari
95%
2001 Ferrari
95%
2000 Ferrari
95%
1999 Ferrari
95%
1983 Ferrari
95%
1982 Ferrari
95%
1979 Ferrari
95%
1977 Ferrari
95%
1976 Ferrari
95%
1975 Ferrari
95%
1964 Ferrari
95%
1961 Ferrari
95%
1997 Williams
95%
1996 Williams
95%
1994 Williams
95%
1993 Williams
95%
1992 Williams
95%
1987 Williams
95%
1986 Williams
95%
1981 Williams
95%
1980 Williams
95%
2009 Brawn
84%
2006 Renault
84%
2005 Renault
84%
1978 Lotus
81%
1973 Lotus
81%
1972 Lotus
81%
1970 Lotus
81%
1968 Lotus
81%
1965 Lotus
81%
1963 Lotus
81%
1967 Brabham
73%
1966 Brabham
73%
1995 Benetton
70%
1962 BRM
57%
1960 Cooper
57%
1959 Cooper
57%
1971 Tyrell
51%
1958 Vanwall
51%
1969 Matra
46%
No matching quizzes found
Score Distribution
Percent of People with Each Score
Percentile by Number Answered
Your Score History
You have not taken this quiz